LDR 01178nam a2200277 i 4500 001 000000114917 003 CaOOAMICUS 005 20260311115901.0 008 030507s1987 xxu u000 u eng u 013 $a87605 020 $a0-8091-2847-0 040 $aSeMil$bita 100 1 $aKilgallen, John J.,$c
.$0(OLS)http://semarc/name/48015 245 10$aFirst corinthians :$ban introduction and study guide /$cby John J. Kilgallen. 260 $aNew York ; Mahwah :$bPaulist Press,$ccopyr. 1987. 300 $aiii, 147 p. ;$c21 cm. 500 $aFondo Card. C.M. Martini. 650 4$aBibbia. Nuovo Testamento. Lettera ai Corinzi. 1. - Commentari, studi, critica, interpretazioni.$0(OLS)http://semarc/subject/171 850 $aSeMil 852 $aSeMil$W1$xVenegono$y1$m2V VII 112$j270613$B70458$CSeMilBibl$Z2$F89553 $81 941 1 $a4 961 $aOmaggio: Martini Card. Carlo Maria 996 $6020$a0-8091-2847-0$9(OLS)http://semarc/number/98446 996 $6245$aFirst corinthians :$ban introduction and study guide$9(OLS)http://semarc/title/168128 996 $6260$aNew York ; Mahwah :$bPaulist Press$9(OLS)http://semarc/publisher/32439